000 00946nam0a22002531 4500
001 rc\1146801
005 20041129084508.2
035 _a(NLR Aleph) 006392767
090 _a5163793
_c5163793
100 _a20041129d1980 u |0rusy50 ca
101 0 _arus
102 _aRU
105 _ay |||||||||
200 1 _aМедицина в эпоху феодализма в России
_e(Метод. разраб.)
_fМ-во здравоохранения БССР, Мин. гос. мед. ин-т
_g[Сост.: к. м. н. В.С. Елейниковой]
210 _aМинск
_cБ. и.
_d1980
215 _a80 с.
_d20
320 _aБиблиогр.: с. 5 и с. 76-77
702 1 _aЕлейникова
_bВ. С.
_gВалентина Степановна
_4220
712 0 2 _aМинский мед. ин-т
_3RU\NLR\AUTH\889920157
801 0 _aRU
_bNLR
_gpsbo
801 1 _aRU
_bELAR
_2rusmarc
852 _aNLR
_j81-4/31460
942 _cBOOK
980 _aNB